El niño y la poesía
Salvato in:
| Autore principale: | |
|---|---|
| Natura: | Libro |
| Lingua: | Undetermined |
| Pubblicazione: |
Montevideo, Uruguay
Géminis
1984
|
| Soggetti: | |
| Tags: |
Aggiungi Tag
Nessun Tag, puoi essere il primo ad aggiungerne!!
|
MARC
| LEADER | 00000nam a2200000Ia 4500 | ||
|---|---|---|---|
| 008 | 170316s9999 xx 000 0 und d | ||
| 090 | |a 809 P-1.1n | ||
| 100 | |a Puentes de Oyenard, Sylvia | ||
| 245 | |a El niño y la poesía | ||
| 260 | |a Montevideo, Uruguay | ||
| 260 | |b Géminis | ||
| 260 | |c 1984 | ||
| 300 | |a 136 páginas | ||
| 650 | |a LITERATURA INFANTIL | ||
| 650 | |a POESÍA INFANTIL | ||
| 650 | |a EL NIÑO - SU MUNDO | ||
| 650 | |a FORMAS DE EXPRESIÓN | ||
| 650 | |a EL JUEGO | ||
| 650 | |a RETAHILAS PARA EL JUEGO | ||
| 650 | |a PSICOLOGÍA DEL NIÑO | ||
| 650 | |a ETAPAS DE DESARROLLO | ||
| 650 | |a APRENDIZAJE | ||
| 650 | |a PALABRA - NIÑO | ||
| 650 | |a EL NIÑO - EL POETA | ||
| 650 | |a LENGUAJE | ||
| 650 | |a INFANCIA NORMAL = SALUD MENTAL | ||
| 650 | |a POEMAS - NIÑO | ||
| 650 | |a POESÍA - ESCUELA | ||
| 650 | |a LA RECITACION | ||
| 650 | |a FORMAS DE COMUNICACIÓN | ||
| 999 | |c 20799 |d 20799 | ||
| 040 | |a cru BVZT | ||
| 942 | |c 15 D |h 809 P-1.1n |2 z | ||
